| 000 | 01011nam a2200253 4500 | ||
|---|---|---|---|
| 008 | 060314s1990 enkm b a001 0beng d | ||
| 020 | _a0745915744 :gift-Feed the Minds | ||
| 090 |
_aDA566.9 _b.L33 _bH73 |
||
| 100 | 1 | _aHolman, Robert. | |
| 245 | 1 | 0 |
_aGood old George : _bthe life of George Lansbury / _cBob Holman. |
| 260 |
_aOxford, Eng. : _bLion Publishing, _c1990. |
||
| 300 |
_a208 p. ; _c20 cm. |
||
| 500 | _a"A Lion paperback." | ||
| 500 | _aOn cover: "Foreword by Frank Field MP." | ||
| 504 | _aIncludes bibliographical references and index. | ||
| 600 | 1 | 4 |
_aLansbury, George, _d1859-1940. |
| 650 | 4 |
_aPoliticians _zGreat Britain _xBiography. |
|
| 650 | 4 |
_aRadicals _zGreat Britain _xBiography. |
|
| 650 | 4 |
_aSocialists _zGreat Britain _xBiography. |
|
| 651 | 4 |
_aGreat Britain _xPolitics and government _y1901-1936. |
|
| 651 | 4 |
_aGreat Britain _xSocial conditions _y20th century. |
|
| 740 | 0 | 2 | _aThe Life of George Lansbury. |
| 951 |
_p29179 _x00032545 _oDA566.9/.L33/H73 _j070613111547187 _d2000-12-21 _cGC |
||
| 999 |
_c26193 _d26193 |
||